<?xml version="1.0" encoding="UTF-8"?>
<marc:record xmlns:marc="http://www.loc.gov/MARC21/slim">
   <marc:leader>00000nam a2200000 a 4500</marc:leader>
   <marc:datafield ind1="1" ind2=" " tag="100">
      <marc:subfield code="a">Pruschmann, Tina</marc:subfield>
      <marc:subfield code="4">aut</marc:subfield>
      <marc:subfield code="e">Verfasser/-in</marc:subfield>
   </marc:datafield>
   <marc:datafield ind1=" " ind2=" " tag="653">
      <marc:subfield code="a">Zeithintergrund</marc:subfield>
   </marc:datafield>
   <marc:datafield ind1="0" ind2="0" tag="245">
      <marc:subfield code="a">Lostage</marc:subfield>
   </marc:datafield>
   <marc:datafield ind1="0" ind2="0" tag="245">
      <marc:subfield code="b">Roman</marc:subfield>
   </marc:datafield>
   <marc:datafield ind1="0" ind2="0" tag="245">
      <marc:subfield code="c">Tina Pruschmann</marc:subfield>
   </marc:datafield>
   <marc:datafield ind1=" " ind2="1" tag="264">
      <marc:subfield code="a">Salzburg</marc:subfield>
      <marc:subfield code="b">Residenz Verlag</marc:subfield>
      <marc:subfield code="c">2017</marc:subfield>
   </marc:datafield>
   <marc:datafield ind1="1" ind2=" " tag="520">
      <marc:subfield code="a">Es gibt Momente, die fühlen sich ganz alltäglich an, und doch entscheiden sie über ein ganzes Leben. An einem heißen Tag im August feiert Elena ihren 88. Geburtstag: Die Töchter Martina und Renate sind da, der Enkel Daniel und seine Freundin Sasha. Es ist ein verschwenderisches Fest mit Honigschnaps, Polka und viel Heiterkeit. Und doch kann Elena nur an Martinas Kindheitsfreundin Rike denken, die vor über 50 Jahren hier im Garten vom Kirschbaum in den Tod gestürzt ist. Sinnlich und intensiv verknüpft Tina Pruschmanns Debütroman Lebensfäden und Schicksale und erzählt von diesen besonderen Momenten, von den Lostagen im Leben: Tage, an denen Zukunft möglich oder unmöglich wird, Tage der beiläufigen Begegnungen und unwiderruflichen Entscheidungen, Tage, an denen die Zeit und mit ihr alle Wünsche stillstehen sollten. (Verlagstext)</marc:subfield>
   </marc:datafield>
   <marc:datafield ind1=" " ind2=" " tag="020">
      <marc:subfield code="a">9783701716807</marc:subfield>
      <marc:subfield code="9">9783701716807</marc:subfield>
   </marc:datafield>
   <marc:datafield ind1=" " ind2=" " tag="041">
      <marc:subfield code="a">ger</marc:subfield>
   </marc:datafield>
   <marc:datafield ind1=" " ind2=" " tag="300">
      <marc:subfield code="a">218 Seiten</marc:subfield>
   </marc:datafield>
</marc:record>
